Statistics for invisible string - Taylor Swift (All Lyrics)

Click here to take the quiz!

General Stats

  • This quiz has been taken 15 times
  • The average score is 275 of 317

Answer Stats

Lyrics% Correct
A
100%
a
100%
all
100%
All
100%
along
100%
an
100%
I
100%
in
100%
Invisible
100%
it
100%
me?
100%
me
100%
Me
100%
of
100%
On
100%
on
100%
so
100%
some
100%
string
100%
the
100%
then
100%
there
100%
think
100%
to
100%
Tying
100%
was
100%
you
100%
You
100%
at
91%
Centennial
91%
color
91%
curious
91%
For
91%
for
91%
Green
91%
just
91%
LA
91%
little
91%
make
91%
meet
91%
money
91%
my
91%
Park
91%
pretty
91%
read
91%
shop
91%
signs
91%
somebody
91%
Tied
91%
Time,
91%
time
91%
used
91%
When
91%
Where
91%
who
91%
work
91%
would
91%
yogurt
91%
your
91%
around
82%
ate
82%
baby,
82%
cab
82%
clues
82%
Cutting
82%
didn't
82%
dinner
82%
down
82%
favorite
82%
first
82%
gold
82%
Gold
82%
grass
82%
isn't
82%
Lakes
82%
like
82%
no
82%
One
82%
our
82%
Out
82%
pink
82%
purple
82%
said
82%
see?
82%
She
82%
shirt
82%
showed
82%
single
82%
sixteen
82%
spot
82%
Teal
82%
that
82%
thread
82%
trip
82%
were
82%
Were
82%
with
82%
American
73%
And
73%
and
73%
Bad
73%
bar
73%
barbed
73%
Bold
73%
brave
73%
brought
73%
but
73%
by
73%
Chains
73%
compasses,
73%
cool,
73%
demons
73%
dive
73%
fine
73%
gave
73%
Gave
73%
Getting
73%
healing
73%
heaven
73%
Hell
73%
it's
73%
journey,
73%
looked
73%
lunch
73%
mistakes
73%
mystical
73%
Now
73%
Ooh
73%
ooh
73%
open,
73%
past
73%
pulled
73%
right
73%
seasons
73%
singer
73%
skies
73%
Something
73%
song
73%
their
73%
three
73%
waitress
73%
wire
73%
wrapped
73%
year
73%
axe
64%
babies
64%
blood
64%
blues
64%
boys
64%
broke
64%
Cold
64%
grind
64%
heart
64%
into
64%
leaves
64%
presents
64%
send
64%
steel
64%
Wool
64%
(Ah
55%
ah
55%
ah)
55%
arms,
55%
wondrous
55%
wrong
55%

Score Distribution

Percentile by Number Answered

Percent of People with Each Score

Your Score History

You have not taken this quiz